[Event "Challenge"]
[Site "http://www.queenalice.com/game.php?id=1262653"]
[Date "2014.3.6"]
[Round "-"]
[White "priscilinha"]
[Black "ztnilz"]
[Result "0-1"]
[WhiteElo "1156"]
[BlackElo "1740"]

1. e4 e6 2. Nf3 f5 3. exf5 Nf6 4. fxe6 Bd6 5. exd7+ Bxd7 6. a4 O-O 7. Bb5 Bg4 8.
O-O Ne4 9. Bc4+ Kh8 10. d3 Bxf3 11. gxf3 Qh4 12. dxe4 Qxh2# 0-1

[Event "Challenge"]
[Site "http://www.queenalice.com/game.php?id=1262993"]
[Date "2014.3.7"]
[Round "-"]
[White "priscilinha"]
[Black "MeisterM"]
[Result "0-1"]
[WhiteElo "1156"]
[BlackElo "1290"]

1. e4 e6 2. Nf3 c5 3. Bb5 Nf6 4. e5 Ne4 5. O-O f5 6. Na3 b6 7. c4 g5 8. Nxg5
Nxg5 9. d3 Rg8 10. Nc2 Ba6 11. Bxa6 Nxa6 12. Qh5+ Ke7 0-1

[Event "Challenge"]
[Site "http://www.queenalice.com/game.php?id=1263356"]
[Date "2014.3.8"]
[Round "-"]
[White "priscilinha"]
[Black "ztnilz"]
[Result "0-1"]
[WhiteElo "1142"]
[BlackElo "1956"]

1. e4 e6 2. Bb5 c6 3. Be2 f5 4. exf5 Nf6 5. fxe6 Bd6 6. exd7+ Bxd7 7. Nf3 O-O 8.
O-O Ng4 9. Ng5 Bxh2+ 10. Kh1 Qxg5 11. f4 Rxf4 12. d3 Rxf1+ 13. Qxf1 Qh4 14. a4
Bg3+ 15. Kg1 Qh2# 0-1

[Event "vamos?"]
[Site "http://www.queenalice.com/game.php?id=1264849"]
[Date "2014.3.14"]
[Round "-"]
[White "luizhenriq19"]
[Black "priscilinha"]
[Result "1-0"]
[WhiteElo "2022"]
[BlackElo "1086"]

1. Nf3 h5 2. d4 e6 3. e4 d6 4. Bc4 Nf6 5. Nc3 Be7 6. O-O d5 7. exd5 exd5 8. Bb3
O-O 9. Bg5 Nc6 10. a3 Na5 11. Ba2 Nc4 12. Rb1 a5 13. Re1 b5 14. Nxb5 c6 15. Nc3
Ng4 16. Bxe7 Qe8 17. Bxf8 Qxf8 18. Bxc4 1-0

[Event "Challenge"]
[Site "http://www.queenalice.com/game.php?id=1268755"]
[Date "2014.3.28"]
[Round "-"]
[White "priscilinha"]
[Black "lfsantanna"]
[Result "0-1"]
[WhiteElo "1132"]
[BlackElo "1690"]

1. e4 e5 2. Nf3 Nc6 3. Bc4 Nf6 4. Nc3 Bb4 5. O-O O-O 6. d3 h6 7. a3 Bxc3 8. bxc3
d6 9. a4 Ne7 10. d4 Bg4 11. h3 Bh5 12. dxe5 dxe5 13. Ba2 Nxe4 14. c4 Nc6 15. c3
Nxc3 16. Qe1 Nxa4 17. Be3 Bxf3 18. gxf3 Nb4 19. Qxb4 Nb6 20. Rad1 Qf6 0-1

[Event "Challenge"]
[Site "http://www.queenalice.com/game.php?id=1268758"]
[Date "2014.3.28"]
[Round "-"]
[White "priscilinha"]
[Black "carlosufpe"]
[Result "0-1"]
[WhiteElo "1142"]
[BlackElo "1747"]

1. e4 d6 2. Nf3 Nf6 3. Be2 Nxe4 4. c4 c5 5. d3 Nf6 6. d4 cxd4 7. c5 dxc5 8. O-O
Bg4 9. Ng5 Bxe2 10. Qxe2 e6 11. a4 Be7 12. Bf4 Bd6 13. Bxd6 Qxd6 14. Nd2 O-O 15.
Qd3 Qf4 16. Qxh7+ Nxh7 17. Nxh7 Kxh7 18. a5 Qxd2 19. Rad1 Qxb2 20. Rb1 Qc3 21.
Ra1 Nc6 22. a6 b6 23. h4 g6 24. Rac1 Qd3 25. Rcd1 Qxa6 26. Ra1 Qb7 27. Rfe1 Qc7
28. Red1 Ne5 29. f4 Ng4 30. Re1 Qxf4 31. g3 Qf2+ 32. Kh1 Qh2# 0-1

[Event "Challenge"]
[Site "http://www.queenalice.com/game.php?id=1268759"]
[Date "2014.3.28"]
[Round "-"]
[White "priscilinha"]
[Black "Rider"]
[Result "0-1"]
[WhiteElo "1142"]
[BlackElo "1568"]

1. e4 e5 2. Nf3 Qf6 3. Bc4 Bc5 4. O-O c6 5. Nc3 Ne7 6. d3 b5 7. Bb3 Ba6 8. a4 b4
9. Ne2 O-O 10. Bg5 Qg6 11. c3 Kh8 12. h4 h5 13. cxb4 Bxb4 14. Nxe5 Qh7 15. Bxe7
Bxe7 16. Bxf7 Bf6 17. d4 Bxe5 18. dxe5 Rxf7 19. Qb3 Re7 20. a5 Bxe2 21. Rfc1
Rxe5 22. a6 Qxe4 23. Re1 Qxh4 24. Qc3 d6 25. Ra5 Bxa6 26. Rd1 Re2 27. Rf1 Qg4
28. Qd3 Bxd3 29. Raa1 Be4 30. f3 Qxg2# 0-1

[Event "Challenge"]
[Site "http://www.queenalice.com/game.php?id=1268760"]
[Date "2014.3.28"]
[Round "-"]
[White "priscilinha"]
[Black "Rider"]
[Result "0-1"]
[WhiteElo "1097"]
[BlackElo "1589"]

1. e4 e5 2. Nf3 Qe7 3. Bc4 Nh6 4. O-O c6 5. d3 d6 6. Nc3 Be6 7. Bg5 f6 8. Be3 b5
9. Bb3 Bxb3 10. axb3 b4 11. Na4 d5 12. exd5 cxd5 13. Nc5 Nf5 14. Bd2 Qxc5 15.
Qe2 Qxc2 16. Ra5 Qxb2 17. Raa1 Qxb3 18. Rab1 Qa4 19. Ra1 Qb5 20. Rac1 Nd7 21. h4
e4 22. dxe4 Qxe2 23. exf5 b3 24. Rb1 Rb8 25. Rbe1 Qxe1 26. Rxe1+ Kf7 27. h5 b2
28. Rb1 Nc5 29. Be3 Bd6 30. g4 Ne4 31. Bxa7 Rb7 32. Be3 Rc8 33. Kf1 Ba3 34. Nd4
Rc3 35. Ne2 Rc2 36. Ke1 Nc3 37. Nxc3 Rxc3 38. Kd2 Rbb3 39. g5 Bb4 0-1

[Event "Challenge"]
[Site "http://www.queenalice.com/game.php?id=1268761"]
[Date "2014.3.28"]
[Round "-"]
[White "priscilinha"]
[Black "Rider"]
[Result "0-1"]
[WhiteElo "1142"]
[BlackElo "1620"]

1. e4 d5 2. exd5 Qxd5 3. Nf3 Bg4 4. h3 Bf5 5. Nc3 Qc6 6. a4 Qe6+ 7. Be2 Nc6 8.
b3 Nb4 9. Nb5 Qc6 10. c3 Bc2 11. Qxc2 Nxc2+ 12. Kd1 Nxa1 13. h4 Nxb3 14. Ba3 e6
15. Bxf8 Kxf8 16. Nfd4 Nxd4 17. Nxd4 Qxa4+ 18. Nc2 Qb3 19. h5 Qb1# 0-1

[Event "Challenge"]
[Site "http://www.queenalice.com/game.php?id=1268845"]
[Date "2014.3.28"]
[Round "-"]
[White "priscilinha"]
[Black "felipeborba"]
[Result "0-1"]
[WhiteElo "1095"]
[BlackElo "1277"]

1. e4 e5 2. Nf3 Nc6 3. Bc4 Bc5 4. O-O Nf6 5. c3 d6 6. Qb3 O-O 7. Ng5 Na5 8. Qa4
b6 9. Qc2 Nxc4 10. Qa4 d5 11. Qc6 Bd7 0-1

[Event "Challenge"]
[Site "http://www.queenalice.com/game.php?id=1268866"]
[Date "2014.3.29"]
[Round "-"]
[White "priscilinha"]
[Black "RobertD"]
[Result "0-1"]
[WhiteElo "1099"]
[BlackElo "1902"]

1. e4 c5 2. Nf3 g6 3. a4 Bg7 4. Bc4 e6 5. O-O d6 6. Bb5+ Bd7 7. Nc3 Nf6 8. d3
O-O 9. e5 dxe5 10. Nxe5 Bxb5 11. axb5 Nbd7 12. Nxd7 Qxd7 13. Ra4 a5 14. Bg5 Nd5
15. Ra3 b6 16. h3 f6 17. Bd2 e5 18. Qg4 f5 19. Qf3 Nxc3 20. Qe3 Nd5 21. Qg3 f4
22. Qh2 Rae8 23. d4 cxd4 24. c4 dxc3 25. bxc3 Nc7 26. c4 Qxd2 27. Raa1 e4 28.
Rad1 Qb4 29. h4 Qc5 30. Qh3 e3 0-1

[Event "Challenge"]
[Site "http://www.queenalice.com/game.php?id=1269563"]
[Date "2014.4.1"]
[Round "-"]
[White "priscilinha"]
[Black "MSchatz"]
[Result "0-1"]
[WhiteElo "1142"]
[BlackElo "1945"]

1. e4 e5 2. Nf3 Nc6 3. d3 Bc5 4. d4 exd4 5. Bc4 Qe7 6. O-O d6 7. Ng5 Be6 8. b3
Bxc4 9. bxc4 Ne5 10. h4 Nf6 11. a3 h6 12. Nf3 Nxf3+ 13. Qxf3 O-O 14. a4 Qxe4 15.
Qh3 Qxc2 16. a5 Qxc4 17. Nd2 Qd5 18. Re1 Rfe8 19. Bb2 Rxe1+ 20. Rxe1 Re8 21. Rf1
Re2 22. Qc8+ Kh7 23. Qa8 Rxd2 24. Rb1 Qe4 25. f3 Qe2 26. Qd8 Qxg2# 0-1

[Event "Challenge"]
[Site "http://www.queenalice.com/game.php?id=1272300"]
[Date "2014.4.12"]
[Round "-"]
[White "priscilinha"]
[Black "Apatride"]
[Result "0-1"]
[WhiteElo "1128"]
[BlackElo "2636"]

1. e4 e5 2. Nf3 Nc6 3. Nc3 Nf6 4. Bd3 Bc5 5. Bc4 d6 6. O-O O-O 7. d3 Bg4 8. Bg5
Nd4 9. h3 Nxf3+ 10. Kh1 Nxg5 11. hxg4 c6 12. a4 Qd7 13. Ne2 Qxg4 14. c3 Qh4+ 0-1

[Event "Challenge"]
[Site "http://www.queenalice.com/game.php?id=1272310"]
[Date "2014.4.12"]
[Round "-"]
[White "Apatride"]
[Black "priscilinha"]
[Result "1-0"]
[WhiteElo "2635"]
[BlackElo "1130"]

1. e4 e5 2. Nf3 Nf6 3. Nxe5 Nc6 4. Nxc6 bxc6 5. e5 Ne4 6. d3 Ng5 7. Be2 Bb4+ 8.
c3 Bc5 9. f4 Ne6 10. f5 O-O 11. fxe6 dxe6 12. d4 Be7 13. O-O 1-0

[Event "Challenge"]
[Site "http://www.queenalice.com/game.php?id=1272457"]
[Date "2014.4.12"]
[Round "-"]
[White "priscilinha"]
[Black "marreta7"]
[Result "0-1"]
[WhiteElo "1101"]
[BlackElo "1664"]

1. e4 e5 2. Nf3 Nc6 3. Bc4 a6 4. O-O Bc5 5. Bb3 d6 6. c4 Nf6 7. Na3 Bxa3 8. bxa3
Nxe4 9. d3 Nf6 10. Bg5 h6 11. Bh4 Bg4 0-1